Giornalismo on-line. Responsabilità e norme per il newsmaking tra internet, telematica e multimedialità (Record n. 94878)

Dettagli MARC
000 -LEADER
fixed length control field 02106nam a2200313Ia 4500
001 - CONTROL NUMBER
control field G7786
003 - CONTROL NUMBER IDENTIFIER
control field IT-RoPAU
008 - FIXED-LENGTH DATA ELEMENTS--GENERAL INFORMATION
fixed length control field 130308s9999 xx 000 0 und d
040 ## - CATALOGING SOURCE
Original cataloging agency IT-RoPAU
040 ## - CATALOGING SOURCE
Transcribing agency IT-RoPAU
041 ## - LANGUAGE CODE
Language code of text/sound track or separate title ITALIANO
100 ## - MAIN ENTRY--PERSONAL NAME
Personal name Contaldo Alfonso
100 ## - MAIN ENTRY--PERSONAL NAME
Miscellaneous information Codice Aut. SPICS: 34501
245 ## - TITLE STATEMENT
Title Giornalismo on-line. Responsabilità e norme per il newsmaking tra internet, telematica e multimedialità
245 ## - TITLE STATEMENT
Remainder of title Giornalismo On-Line. Responsabilita' e norme per Il Newsmaking tra Internet, telematica e Multimedialita'
250 ## - EDITION STATEMENT
Edition statement 1a ed.
260 ## - PUBLICATION, DISTRIBUTION, ETC. (IMPRINT)
Place of publication, distribution, etc. ROMA
260 ## - PUBLICATION, DISTRIBUTION, ETC. (IMPRINT)
Name of publisher, distributor, etc. Centro Documentaz. Giornalistica
260 ## - PUBLICATION, DISTRIBUTION, ETC. (IMPRINT)
Date of publication, distribution, etc. 2001 [1° Ed.:2001 - Ed.Ling.Originale:2001]
300 ## - PHYSICAL DESCRIPTION
Extent "192 p. (prefazione: no ; testo: 192 [pagine: 0-0])"
500 ## - GENERAL NOTE
General note "Prefazione di Giuseppe Corasaniti. internet e Diritto D'Autore: Diritto d'autore e Giornalismo in Internet; Diritto d'autore Sulle Opere Digitali; Diritti di utilizzazione dell'Opera Protetta; Siae e gestione dei Diritti; Diritto d'autore Sulle Opere Multimediali; Rassegne Stampa On Line; Links, ipertesti e Software; Diritto d'autore Sulle pagine Web; Diritto di Riproduzione, Traduzione, Diffusione e Distribuzione. normativa sull'editoria Giornalistica: Applicabilità delle norme Sulla Stampa all'editoria Telematica; registrazione del giornale On Line; pubblicazione in versione telematica di un Quotidiano; Diritto Sul Giornale, Sull'Articolo e Sulla Semplice Notizia; Struttura e regole di Internet; tutela del Nome della Testata e del Dominio; normativa Sulle banche Dati, Sulla tutela della Riservatezza e Sui Datipersonali; Responsabilità Civile e Penale; Responsabilità del Provider, del giornalista e del Direttore. Telelavoro: Unione Europea e Telelavoro; Diverse Fattispecie del Telelavoro; Disciplina normativa Italiana; Giornalismo e Telelavoro: Inquadramento e Riflessioni. Riferimenti Normativi."
650 ## - SUBJECT ADDED ENTRY--TOPICAL TERM
Topical term or geographic name as entry element GENERI DI GIORNALISMO
650 ## - SUBJECT ADDED ENTRY--TOPICAL TERM
Relator term Codice materia Spics: 7060
700 ## - ADDED ENTRY--PERSONAL NAME
Personal name Di Fabio Paolo
700 ## - ADDED ENTRY--PERSONAL NAME
Miscellaneous information Codice Aut. SPICS: 55694
942 ## - ADDED ENTRY ELEMENTS (KOHA)
Koha item type LIBRO
957 ## -
-- 1
999 ## - SYSTEM CONTROL NUMBERS (KOHA)
-- 1
Dati di copia
Withdrawn status Lost status Damaged status Not for loan Home library Current library Date acquired Total Checkouts Full call number Date last seen Price effective from Koha item type Public note
    Buone Condizioni Not For Loan SPICS-MEDIATECA SPICS-MEDIATECA 08/03/2013   G7786 08/03/2013 08/03/2013 LIBRO Progressivo inserimento: 52729 / N. Volumi: 1 Copie: 1 / data import: 1 marzo 2013 - By Epidotti, Trombetti, Vaglietti.
CREDITS: SOCIETA' SAN PAOLO Via A.Severo, 58 - ROMA (RM) & PERIODICI SAN PAOLO SRL Via Giotto, 36 MILANO & CISF Via Giotto, 36 MILANO & EDIZIONI SAN PAOLO SRL,  Piazza Soncino, 5 CINISELLO BALSAMO (MI) -- ITALY